• 首页
  • 本馆介绍
  • 公告通知
  • 最新文献
  • 馆藏检索
  • 电子资源
  • 读者导购
  • 参考咨询
  • 我的图书馆
  • 登录
  • 详细信息显示
  • 放入我的书架
  • 预约/预借图书
  • 作者相关作品
  • 分类相关作品
  • 丛书相关作品
  • 出版社相关作品

书目信息

  • 表格格式
  • 工作单格式
  • 卡片格式
题名:
全彩东方工艺美术史
    
 
作者: 张夫也 著
分册:  
出版信息: 银川   宁夏人民出版社  2003
页数: 338页
开本: 23cm
丛书名: 全彩艺术史系列
单 册:
中图分类: J509.1
科图分类:
主题词: 工艺美术史--东方国家 , 工艺美术史
电子资源:
ISBN: 7-227-02526-8
000 00850oam2 2200241 450
005 20070606200411.95
010    @a7-227-02526-8@dCNY68.00
100    @a20030221d2003 em y0chiy0110 ea
101 0  @achi
102    @aCN@b640000
105    @aa z 000yy
200 1  @a全彩东方工艺美术史@Aquan cai dong fang gong yi mei shu shi@f张夫也著
210    @a银川@c宁夏人民出版社@d2003
215    @a338页@c彩图@d23cm
225 2  @a全彩艺术史系列
330    @a本书内容包括亚洲主要国家和地区工艺美术发展的历程和基本风貌。如古代埃及工艺美术、古代两河流域工艺美术、古代波斯工艺美术、古代印度工艺美术和古代中国工艺美术等。
461  0 @12001 @a全彩艺术史系列
606 0  @a工艺美术史@y东方国家
606 0  @a工艺美术史
690    @aJ509.1@v4
701  0 @a张夫也@Azhang fu ye@4著
801  0 @aCN@bTAOJIN新华发行集团公司@c20070606
905    @a10447@dJ509.1@e226
    
    全彩东方工艺美术史/张夫也著.-银川:宁夏人民出版社,2003
    338页:彩图;23cm.-(全彩艺术史系列)
    
    
    ISBN 7-227-02526-8:CNY68.00
    本书内容包括亚洲主要国家和地区工艺美术发展的历程和基本风貌。如古代埃及工艺美术、古代两河流域工艺美术、古代波斯工艺美术、古代印度工艺美术和古代中国工艺美术等。
●
相关链接 在E读中查询图书 在五车中查询图书 在当当中查询图书 在豆瓣中查询图书


正题名:全彩东方工艺美术史     索取号:J509.1/226         预约/预借

序号 登录号 条形码 馆藏地/架位号 状态 备注
1 0527043   205270437   第一样本阅览室/ [索取号:J509.1/226] 在馆    
2 0527044   205270446   第一借阅区/ [索取号:J509.1/226] 在馆    
3 0527045   205270455   第一借阅区/ [索取号:J509.1/226] 在馆    
4 0527046   205270464   第一借阅区/ [索取号:J509.1/226] 在馆    
唐山师范学院图书馆 欢迎您!
大连网信软件有限公司© 版权所有